000 005550000a22002050004500
003 LK-CoMWRAF
005 20231022125628.0
008 230817t2004 ||||| |||| 00| 0 eng d
020 _a9559792628
040 _aLK-CoMWRAF
_dLK-CoMWRAF
_eLK-CoMWRAF
041 _aeng
082 _a287
_bFER
100 _aFernando, Hilary Ryan
245 _aTrust and Obey:
_bTen Simple Sermons for Everyday Living (volume 2)
260 _b[Dehiwala]:
_a[DCL Printers],
_c2004
300 _aiv, 111 p.
490 _aVolume 2
650 _aMETHODIST CHURCH
942 _cBK
999 _c807
_d807